00510nam a22001577a 450000500170000001000150001702000260003203500130005803700130007108200110008424500930009526000550018827000660024330000260030970000170033520130913151950.0 aENG-108187 a9789350690154c110.00 aEN-91720 bDBAD/PUB a230.3510aGems of wisdom :ccompiled by C.M. Sahnibquotations from Bhagawan Sri Sathya Sai Baba / aAndhra PradeshbSri Sathya Sai Sadhana Trustc2013 aPrasanthi Nilayam, Anantapur DistrictbAndhra Pradeshe515134 axiv,565p. c23cm(pbk) aSahni, C.M.